Logos--Vol. 26, no. 1 (March 1987) (Record no. 4786)
[ view plain ]
| 000 -LEADER | |
|---|---|
| fixed length control field | 00343nam a2200109 4500 |
| 008 - FIXED-LENGTH DATA ELEMENTS--GENERAL INFORMATION | |
| fixed length control field | 240222b |||||||| |||| 00| 0 eng d |
| 942 ## - ADDED ENTRY ELEMENTS (KOHA) | |
| Item Type | Periodicals |
| 245 ## - TITLE STATEMENT | |
| Title | Logos--Vol. 26, no. 1 (March 1987) |
| 246 ## - VARYING FORM OF TITLE | |
| Title | Liberative trends in Hinduism, Buddhism, Christianity and Islam |
| 260 ## - PUBLICATION, DISTRIBUTION, ETC. (IMPRINT) | |
| Place of Publication | Colombo : |
| Name of Publisher | Centre for society & Religion, |
| Date of Copyright | 1987 |
| 300 ## - PHYSICAL DESCRIPTION | |
| Physical Details | 102 p. |
| Withdrawn status | Lost status | Source of classification or shelving scheme | Damaged status | Not for loan | Permanent location | Current location | Date acquired | Total Checkouts | Full call number | Barcode | Date last seen | Price effective from | Koha item type |
|---|---|---|---|---|---|---|---|---|---|---|---|---|---|
| Dewey Decimal Classification | Resource center, Muslim Women's Research And Action Forum | Resource center, Muslim Women's Research And Action Forum | 2024-02-22 | 291.2 | RAF5070 | 2024-02-22 | 2024-02-22 | Periodicals |

